| 000 | 00562nam a2200181 a 4500 | ||
|---|---|---|---|
| 001 | 3369 | ||
| 003 | CDMR | ||
| 005 | 20131126135320.0 | ||
| 008 | 130130s2002||||||||||||||||||||||||||||d | ||
| 020 | _a8495978571 | ||
| 040 |
_aCDMR _bcat _cCDMR |
||
| 100 | 1 |
_aAngeletti, Norberto _92430 |
|
| 245 | 1 | 0 |
_aRevistas que hacen e hicieron historia _b: cómo nacieron, su evolución, cómo se hacen hoy _c[Norberto Angeletti, Alberto Oliva] |
| 260 |
_aBarcelona _c2002 _bSol 90 |
||
| 300 |
_a404 p. _bil. col. _c28 cm |
||
| 650 | 0 | 4 |
_94025 _aRevistes _xHistòria |
| 942 |
_cMON _2udc |
||
| 999 |
_c3369 _d3369 |
||